Normal view
MARC view
- Torgo, Luis
Entry Personal Name
001 - CONTROL NUMBER
- control field: 111770
003 - CONTROL NUMBER IDENTIFIER
- control field: NUST
005 - DATE AND TIME OF LATEST TRANSACTION
- control field: 20230410115901.0
008 - FIXED-LENGTH DATA ELEMENTS
- fixed length control field: 230410|| aca||aabn | a|a d
040 ## - CATALOGING SOURCE
- Original cataloging agency: NUST
- Transcribing agency: NUST
100 ## - HEADING--PERSONAL NAME
- Personal name: Torgo, Luis
670 ## - SOURCE DATA FOUND
- Source citation: Work cat.: (NUST): Torgo, Luis., Data Mining With R: Learning With Case Studies /, 2017.
